Μεγαλύτερες Πόλεις της Μακεδονίας - Statistics

General Stats
  • This quiz has been taken 41 times
  • The average score is 11 of 15
Answer Stats
Πόλη Πληθυσμός % Correct
Θεσσαλονίκη 831.243
100%
Καβάλα 51.947
100%
Δράμα 43.445
100%
Σέρρες 58.400
94%
Βέροια 42.508
88%
Κιλκίς 23.182
88%
Κατερίνη 58.189
81%
Κοζάνη 43.316
81%
Έδεσσα 17.168
81%
Φλώρινα 17.188
75%
Πτολεμαΐδα 31.537
56%
Γιαννιτσά 28.759
56%
Νάουσα 17.830
56%
Θέρμη 19.602
44%
Ωραιόκαστρο 22.691
25%
No matching quizzes found
Score Distribution
Percent of People with Each Score
Percentile by Number Answered
Your Score History
You have not taken this quiz